000 00728nam a2200241 a 4500
001 43201
003 BD-RjUL
005 20211209053648.0
008 160620s1952 enk 000 0 eng d
035 _a(BD-RjUL)43319
040 _aDLC
_cYUS
_dUKM
_dBD-RjUL
_beng
041 _aeng
082 _a378.421
_223
_bMCS 1952
100 1 _aMcDowall, R. J. S.
_q(Robert John Stewart),
_d1892-
_9132682
245 0 4 _aThe story of the University of London :
_bwhat and where it is /
_cby R.J.S. McDowall and D.M. Gurney
250 _a1st ed.
260 _aLondon :
_bMurray,
_c1952
300 _a43 p. ;
_c22 cm
610 2 0 _aUniversity of London.
_9132688
700 _aGurney, D.M.
_9132684
942 _2ddc
_cBK
999 _c43201
_d43201